[Event "Moscow Aeroflot op-A"]
[Site "Moscow"]
[Date "2007.02.21"]
[Round "8"]
[White "Harika, Dronavalli"]
[Black "Volokitin, Andrei"]
[Result "1/2-1/2"]
[WhiteElo "2421"]
[BlackElo "2645"]
[Annotator "Krasenkow,M"]
[PlyCount "70"]
[EventDate "2007.02.14"]
[EventType "swiss"]
[EventRounds "9"]
[EventCountry "RUS"]
[SourceTitle "CBM 117"]
[Source "ChessBase"]
[SourceDate "2007.03.30"]
[SourceVersion "1"]
[SourceVersionDate "2007.03.30"]
[SourceQuality "1"]

1. d4 Nf6 2. c4 e6 3. Nc3 Bb4 4. f3 c5 5. d5 O-O 6. e4 d6 7. Nge2 b5 8. Nf4 {
This line is discussed in CBM 109, where GM V.Gavrikov annotates the game
Volkov-Bocharov. He says:"Practically forcing Black to close the centre after
which White´s space advantage will play an important role." But closing the
centre is not forced!} exd5 $1 $146 (8... e5 9. Nfe2 bxc4 (9... Nh5 10. g4 Qh4+
11. Kd2 Nf4 12. Nxf4 exf4 13. Kc2 Bxc3 14. bxc3 b4 15. Bxf4 Bd7 16. Qd2 Ba4+
17. Kd3 $16 {1-0 Miton,K-Charbonneau,P/Montreal 2006/CBM 114 (32)}) 10. Ng3
Nbd7 (10... Ba6 11. Bg5 $5 Nbd7 (11... h6 12. Be3 Bc8 $6 (12... Nbd7) 13. Bxc4
Nbd7 14. O-O Nb6 15. Be2 Bxc3 16. bxc3 Bd7 17. a4 $14 {1-0 Shirov,A-Savon,V/
Moscow 1991/URS-ch (43)}) 12. Be2 h6 13. Be3 Rb8 14. O-O Nb6 15. f4 Re8 16.
fxe5 Rxe5 17. Bf4 Bxc3 18. bxc3 Rxe4 19. Nxe4 Nxe4 20. Qc2 Nf6 21. Bg3 Nbxd5
22. Qd2 $44 {1-0 Tritt,M-Guinsburg,M/IECG 2003/Telechess CBM 105 (58)}) (10...
Ne8 11. Bxc4 f5 12. exf5 Qh4 13. Qe2 Bxc3+ 14. bxc3 Bxf5 15. O-O Bg6 16. Bd3
Bxd3 17. Qxd3 $14 {1-0 Milov,V-Zelcic,R/Ohrid 2001/CBM 084/ (41)}) 11. Bxc4 Nb6
12. Be2 c4 13. O-O Bd7 14. Kh1 Re8 $6 (14... Qe7 15. Be3 Rfc8 {Gavrikov}) 15.
Bg5 $5 h6 16. Be3 Rc8 17. Qc2 Bc5 18. Bd2 $14 {1-0 Volkov,S-Bocharov,D/Kazan
2005/CBM 109/[Gavrikov] (41)}) 9. Nfxd5 Nxd5 10. Qxd5 Qb6 $1 11. Bd2 $6 {
This modest move gives Black an excellent position. Further analyses will be
probably devoted to} (11. cxb5) (11. Kf2) ({and} 11. Bf4) 11... Be6 $1 {
[%mdl 512]} 12. Qxa8 bxc4 13. a3 Ba5 $6 {After this move White saves his queen.
} (13... Bxc3 14. Bxc3 Nc6 15. Qxf8+ Kxf8 $15) 14. b4 $1 cxb3 15. Nd5 Bxd2+ 16.
Kxd2 Qa5+ 17. Ke3 $2 {A tactical mistake.} ({After} 17. Ke2 $1 {it is
difficult for Black to prove that his attack is worth a rook, e.g.} Qa4 {
[%cal Rb3b2]} (17... b2 18. Rb1 {[%cal Ya8b7]}) (17... c4 18. Qb7 Nd7 19. Qb4)
18. Re1 Qxa3 19. Kf2 {etc.}) 17... Nd7 $1 18. Qc6 Bxd5 19. Qxd7 Qc3+ $2 {
Missing his chance.} (19... Be6 $1 20. Qb5 (20. Qxd6 $2 Rd8) 20... Qc3+ 21. Bd3
Qd4+ 22. Ke2 c4 $19 {->}) 20. Bd3 Qd4+ 21. Ke2 c4 22. exd5 Qxd3+ (22... cxd3+
$2 23. Kd2) 23. Kf2 c3 {The black pawns are very formidable but White's
counterplay comes in time.} 24. Rae1 c2 25. Re8 Qd2+ 26. Kg3 Qg5+ 27. Kf2 Qd2+
28. Kg3 g6 $6 {Playing for a win in this position is really crazy!} 29. Rxf8+
Kxf8 30. Qxd6+ Kg7 31. Qe5+ Kh6 $2 (31... f6 32. Qe7+ Kg8 33. Qxf6 b2 $1 $11)
32. d6 $2 {Now Black gets off lightly. Meanwhile, White could have severely
punished his opponent:} (32. h4 $1 f5 (32... c1=Q 33. Qg5+ $1 Kg7 34. Rxc1 $18)
(32... Qd1 33. Qe3+ Kg7 34. Qc3+ Kh6 35. Kh2 Qxd5 36. g4 $18) 33. d6 (33. Qb2
$143 {is too passive}) 33... c1=Q 34. Rxc1 Qxc1 35. d7 b2 36. d8=Q b1=Q 37.
Qde7 f4+ 38. Qxf4+ Qxf4+ 39. Kxf4 {and White should win this queen endgame.})
32... b2 $1 33. Qxb2 Qg5+ 34. Kf2 Qd2+ 35. Kg3 Qg5+ 1/2-1/2

[Event "Jermuk FIDE GP"]
[Site "Jermuk"]
[Date "2009.08.13"]
[Round "5"]
[White "Cheparinov, Ivan"]
[Black "Ivanchuk, Vassily"]
[Result "0-1"]
[WhiteElo "2678"]
[BlackElo "2703"]
[Annotator "Krasenkow,M"]
[PlyCount "84"]
[EventDate "2009.08.09"]
[EventType "tourn"]
[EventRounds "13"]
[EventCountry "ARM"]
[EventCategory "19"]
[SourceTitle "CBM 132"]
[Source "ChessBase"]
[SourceDate "2009.09.16"]
[SourceVersion "1"]
[SourceVersionDate "2009.09.16"]
[SourceQuality "1"]

1. d4 e6 2. c4 Nf6 3. Nc3 Bb4 4. Nf3 c5 5. g3 Nc6 6. Bg2 Ne4 7. Bd2 Nxd2 8.
Qxd2 cxd4 9. Nxd4 Qb6 {A rare continuation, instead of the usual} (9... Ne5)
10. e3 $146 {[%mdl 8] A simple and logical move. White didn't obtain any
advantage in the following games:} (10. Nc2 Be7 11. O-O (11. Rd1 d6 12. O-O O-O
13. b3 Rd8 14. e3 Bd7 15. Nd4 Rac8 16. f4 Nxd4 17. exd4 d5 18. Rb1 dxc4 19.
bxc4 Qa5 20. Qd3 b6 $15 {0-1 Provotorov,I (2368)-Kostin,A (2386)/Voronezh 2007/
EXT 2008 (33)}) 11... O-O 12. Rab1 d6 13. Rfd1 Rd8 14. Ne3 a6 15. b4 Qa7 16. a4
Bd7 17. a5 Ne5 18. b5 axb5 19. Nxb5 Qxa5 20. Qxa5 Rxa5 21. Nxd6 Ba4 22. Nxb7
Bxd1 23. Nxd8 {1/2 Sasikiran,K (2669)-Macieja,B (2612)/Warsaw POL 2009/The
Week in Chess 768}) (10. Nxc6 bxc6 11. a3 Be7 12. b4 d5 13. b5 cxb5 14. cxd5
Rb8 15. O-O O-O 16. dxe6 fxe6 17. e3 a5 18. Rab1 Ba6 19. Qa2 Rfc8 20. Rfc1 b4
21. axb4 axb4 22. Ne2 b3 $36 {0-1 Martinovic,S (2427)-Macieja,B (2607)/Budva
2009/CBM 130 (69)}) 10... Ne5 11. b3 Qa5 12. Rc1 a6 13. O-O O-O 14. f4 Ng4 {
Provocative but after the natural} (14... Nc6 {Black has yet to find a way to
develop his queenside.}) 15. Qd3 Be7 (15... d6 $5) 16. h3 Nf6 17. g4 Rb8 $6 (
17... h6 {is safer.}) 18. g5 Ne8 19. Ne4 {[%cal Rf4f5]} Qd8 20. Rcd1 Nc7 21. c5
b6 22. c6 {It is clear that Black has not solved his opening problems.} a5 23.
Rf3 $2 {An far from obvious but significant mistake. This rook has nothing to
do here.} (23. Rf2 $142 $1 Ba6 24. Qc2 Rc8 (24... Nd5 25. Nf6+ $1 gxf6 26. Bxd5
{[%cal Rc6c7]} Rc8 27. Bc4 $1 Bxc4 28. bxc4 fxg5 29. Rg2 $40) 25. Nc3 d5 26. e4
Bc5 27. Na4 $16) 23... Ba6 24. Qd2 (24. Qc2 Nd5 25. Qb2 Rc8 $132) 24... Bb4 25.
Qc1 d5 26. Ng3 Qd6 {Black has suddenly activated his pieces.} 27. Nh5 Qc5 (
27... Rbc8 $5 {[%csl Rc6][%cal Yc7e8,Yb4c5]}) 28. Qb2 $2 {Simply giving up the
c6-pawn.} (28. Rf2 {was logical to protect it although Black had good
counterplay after} Qxc1 29. Rxc1 Rfc8 {[%csl Rc6]}) 28... Bc3 29. Qf2 Bxd4 30.
exd4 Qxc6 {All White's attempts to create a kingside attack now prove vain.}
31. Rg3 Kh8 32. Qe3 Qd6 33. Rc1 Rfc8 34. Rg4 Ne8 35. Re1 g6 36. Nf6 Nxf6 37.
gxf6 Rc2 38. Rh4 Rbc8 39. Qg3 Qb4 40. f5 Qxe1+ $1 41. Qxe1 Rc1 42. Qxc1 Rxc1+
0-1

[Event "Corus"]
[Site "Wijk aan Zee"]
[Date "2010.01.26"]
[Round "9"]
[White "Nakamura, Hikaru"]
[Black "Karjakin, Sergey"]
[Result "0-1"]
[WhiteElo "2708"]
[BlackElo "2720"]
[Annotator "Krasenkow,M"]
[PlyCount "96"]
[EventDate "2010.01.16"]
[EventType "tourn"]
[EventRounds "13"]
[EventCountry "NED"]
[EventCategory "19"]
[SourceTitle "CBM 135"]
[Source "ChessBase"]
[SourceDate "2010.03.17"]
[SourceVersion "1"]
[SourceVersionDate "2010.03.17"]
[SourceQuality "1"]

1. d4 Nf6 2. c4 e6 3. Nc3 Bb4 4. Nf3 c5 5. g3 cxd4 6. Nxd4 Ne4 7. Qd3 Nxc3 {
Quite a rare move, compared to the usual} (7... Qa5 {and}) (7... Bxc3+) 8. bxc3
Be7 9. Bg2 O-O 10. O-O (10. Nb5 $5 Nc6 11. Bf4 (11. O-O $6 a6 12. Nd6 Ne5 13.
Qd4 Bxd6 14. Qxd6 Nxc4 15. Qd4 Qc7 $17 {0-1 Colls Gelaberto,E (2203)-Vehi Bach,
V (2411)/La Massana 2008/CBM 125 Extra (41)}) 11... e5 12. Bc1 (12. Be3 d6 13.
O-O a6 14. Na3 Be6 15. Bd5 Qa5 16. Nc2 Rfc8 17. Rfb1 $14 {1/2 Sulypa,A (2478)
-Can,E (2411)/Olomouc 2007/CBM 119 ext (28)}) 12... Qa5 (12... d6 13. Ba3 Qa5
14. Bxd6 Rd8 15. Bc7 Rxd3 16. Bxa5 $14) 13. O-O d6 14. a4 Be6 15. Ba3 Rfd8 16.
Rfb1 Rac8 17. Nxd6 Bxd6 18. Bxd6 b6 19. Rd1 Qa6 20. c5 Bc4 21. Qf5 Bxe2 22. Rd2
Bc4 23. Be4 $14 {1/2 Rogozenco,D (2440)-Itkis,B (2410)/Bucharest 1995/CBM 048 
(30)}) 10... d6 (10... Nc6 11. Rd1 $5 (11. Bf4 g5 12. Be3 Ne5 13. Qe4 d6 14.
Nf3 f5 15. Qd4 Nf7 16. Rfd1 Bf6 17. Qd3 Bd7 $132 {0-1 Shchekachev,A (2530)
-Fedorchuk,S (2655)/Coubertin 2009/CBM 131 Extra (29)}) 11... Qa5 (11... Ne5 $5
12. Qe4 Qa5) 12. Nb3 Qc7 13. c5 b6 14. Bf4 e5 15. Be3 Rb8 16. Be4 h6 17. Bd5
$14 {0-1 Jianu,V (2531)-Fedorchuk,S (2671)/Plovdiv 2008/CBM 124 (60)}) (10...
Na6 $6 11. Rd1 (11. Nb5 Nc5 12. Qd4 d6 13. Rd1 e5 14. Qe3 (14. Qd2 Qa5 15. Ba3
Be6 16. Bb4 Qb6 17. Qe3 Rac8 $15 {0-1 Parker,J (2325)-Topalov,V (2495)/
Singapore 1990/EXT 1997 (46)}) 14... Re8 15. Qd2 Qa5 16. Nxd6 Rd8 17. Nxc8 $5
Raxc8 18. Bd5 Na4 19. Qd3 Nb6 20. Qf5 Nxd5 21. cxd5 Qxc3 22. Be3 Qc2 {1/2
Abbasov,F (2444)-Tahirov,F (2545)/Tula 2007/EXT 2008}) (11. Nb3 Qc7 12. Bf4 d6
13. Rfd1 Rd8 {0-1 Stuart,P-Ker,A (2305)/New Zeeland 1991/EXT 1999 (59)} 14.
Rab1 $5) 11... Nc5 12. Qc2 $1 (12. Qe3 d6 (12... Qa5 $5 13. Bd2 Na4 14. Rab1
Qc7 15. Qd3 a6 16. Bf4 d6 {0-1 Kuthan,A (2220)-Schlosser,P (2556)/Austria 2009/
EXT 2010 (33)} 17. Qc2 Nc5 18. Nb3 $14) 13. Ba3 Bd7 14. Rab1 Rb8 15. Bxc5 dxc5
16. Nb5 a6 17. Nd6 Qc7 $13 {1/2 Nielsen,P (2651)-Hracek,Z (2598)/Germany 2007/
CBM 123 (41)}) 12... a6 13. Nb3 Qc7 14. Bf4 d6 15. Rab1 Rb8 16. Nxc5 Qxc5 17.
Qd3 e5 18. Be3 Qa3 19. Ba7 Ra8 20. Bb6 g6 21. Bd5 $16 {1/2 Kravtsov,S (2438)
-Ogloblin,N (2380)/Novokuznetsk 1999/EXT 2001 (54)}) (10... a6 11. Rd1 Qc7 12.
Bf4 d6 13. c5 e5 (13... Qxc5 14. Nb3 Qb6 15. Bxd6 Rd8 16. Bc5 $1 $14) 14. cxd6
Qxd6 15. Nf5 Qf6 16. Nxe7+ Qxe7 17. Be3 $14 {1-0 Zhumabaev,R (2550)-Babujian,L
(2515)/Martuni 2009/CBM 132 (73)}) 11. Rd1 (11. Ba3 a6 12. Rfd1 Qc7 13. Nc2 Rd8
14. Ne3 Nc6 15. f4 g6 16. g4 Rb8 17. g5 Qa5 18. Bc1 Qc5 19. Kh1 b6 20. a4 Na5
21. Ba3 Qc7 22. Rab1 Bb7 {0-1 Furman,B (2263)-Tahirov,F (2545)/Hastings 2006/
CBM 116 ext (34)}) 11... a6 (11... Nd7 $5) 12. Nb3 (12. f4 Nd7 13. Ba3 Qc7 14.
Nc2 Nc5 15. Qe3 Rb8 16. Rd2 g6 17. Rad1 b6 18. g4 Bb7 $15 {0-1 Quinn,M (2429)
-Alekseev,E (2593)/Hoogeveen 2002/CBM 090 ext (40)}) (12. Be3 Nd7 13. f4 Qc7
14. Kh1 Nb6 15. Rab1 Nxc4 16. Bg1 Rb8 17. e4 Bd7 18. Bf1 Rfc8 19. Rdc1 Qa5 20.
Nb3 Qxa2 {0-1 Fogel,P (2193)-Akopian,V (2700)/Gibraltar 2007/CBM 116 ext}) (12.
Nf3 Nd7 13. Ba3 Nc5 14. Bxc5 dxc5 15. Qxd8 Rxd8 16. Ne5 Rb8 17. Rab1 Rxd1+ 18.
Rxd1 Kf8 19. Nd7+ Bxd7 20. Rxd7 b6 21. a4 Bf6 $11 {1/2 Agrest,E (2574)
-Iordachescu,V (2572)/Dresden 2008/CBM 128 (42)}) 12... Qc7 13. Bf4 e5 14. Be3
{A typical position. Which is more important: the pressure of White's bishop
and the weakness of the d5 square in Black's camp or White's doubled c3- and
c4-pawns and the c5-square? A lot depends on the position of the pieces. Here
chances are approximately equal.} Nd7 15. Nd2 f5 16. Rab1 Rb8 17. Ba7 (17. Rb2
{V.Yemelin} e4 $5) 17... Ra8 18. Be3 Rb8 19. Ba7 Ra8 20. Bd5+ $6 {White
decides to play for a win. A poor idea. Black obtains the bishop pair, and all
White's attempts to create a blockade prove vain.} Kh8 21. Qe3 Nf6 22. Bb6 Qd7
(22... Nxd5 $142 23. cxd5 Qd7) 23. f4 (23. Bg2 $142) 23... Qe8 {Black prepares
kingside counterplay but his queenside is still "frozen".} 24. Nf3 Qh5 25. Kh1
Re8 26. Qg1 (26. fxe5 $5 Ng4 27. Qg1 dxe5 28. Bc7) 26... Nxd5 27. cxd5 Bf6 28.
Qf2 Bd7 (28... exf4 29. gxf4 Bxc3 $6 30. Bc7) 29. c4 Rac8 30. Rdc1 h6 31. e3
Re7 $15 {The clue to the position is that Black has possibilities to improve
it (e.g. preparing ...g7-g5), and White has none. For instance, any retreat of
the b6 bishop allows ...b7-b5. Therefore White takes the opportunity to break
through immediately (objectively it was better to wait).} 32. c5 $6 {The black
bishop now obtains the important b5-square.} (32. fxe5 dxe5 {[%cal Yf5f4] is
hardly good, too: Black's kingside attack will be more dangerous than White's
passed pawns.}) 32... exf4 33. gxf4 dxc5 34. Bxc5 Re4 $6 (34... Ree8 $142 $1
35. Rxb7 (35. Bd6 Bb5 {[%cal Yb5d3,Yd3e4]}) (35. Bd4 Rxc1+ 36. Rxc1 Bxd4 37.
Nxd4 Qf7 38. Qf3 Re4 $17 {[%csl Rd5,Re3]}) 35... Bb5 {[%cal Rb5d3,Rd3e4]} 36.
Ne5 $5 Re7 $1 37. Rxe7 Bxe7 38. e4 fxe4 $17) 35. Rxb7 $2 (35. Bd6 $142 $1 {
[%cal Yd6e5]} Rxc1+ 36. Rxc1 Qf7 37. Qd2 Qh5 38. Qf2 $11) 35... Bb5 36. Qg2 (
36. Nd2 Bc4 $1 (36... Re7 $5) 37. Nxc4 Rxc4 $1 38. Rxc4 Qd1+ 39. Kg2 Qxd5+ 40.
Qf3 Qxc4 $19) 36... Rc4 $1 37. Rg1 Rc2 $1 $19 (37... R4xc5 $143 38. Rxg7 Qxf3
39. Qxf3 Bxg7 $17) 38. Qg3 (38. Qxc2 Qxf3+ 39. Qg2 (39. Rg2 Qxd5 $19) 39...
Qxg2+ 40. Kxg2 Rxc5 $19) 38... Be2 $1 39. Ne1 R2xc5 40. e4 {Desperation. The
rest is clear.} (40. Rxg7 Bg4 $19) 40... fxe4 41. Rxg7 Bf3+ 42. Nxf3 Qxf3+ 43.
Qxf3 exf3 44. R7g6 Bg7 $1 45. Rxa6 (45. Rxg7 f2 $19) 45... Rc1 46. Rc6 Rxg1+
47. Kxg1 Bd4+ 48. Kh1 Rb8 (48... Rb8 49. Rc1 f2 {[%cal Rb8g8,Rg8g1]}) 0-1

[Event "RUS-chT 16th"]
[Site "Dagomys"]
[Date "2009.04.07"]
[Round "4"]
[White "Timofeev, Artyom"]
[Black "Tomashevsky, Evgeny"]
[Result "1/2-1/2"]
[WhiteElo "2677"]
[BlackElo "2684"]
[Annotator "Krasenkow,M"]
[PlyCount "89"]
[EventDate "2009.04.04"]
[EventType "team-tourn"]
[EventRounds "7"]
[EventCountry "RUS"]
[SourceTitle "EXT 2020"]
[Source "ChessBase"]
[SourceDate "2019.10.17"]
[SourceVersion "1"]
[SourceVersionDate "2019.10.17"]
[SourceQuality "1"]
[WhiteTeam "Tomsk 400"]
[BlackTeam "Saratov Ekonomist SGSEU"]
[WhiteTeamCountry "RUS"]
[BlackTeamCountry "RUS"]

1. d4 Nf6 2. c4 e6 3. Nc3 Bb4 4. f3 d5 5. a3 Be7 6. e4 c5 7. cxd5 exd5 8. e5
Nfd7 9. Nxd5 cxd4 10. Nxe7 Qxe7 11. f4 {This old line is considered risky for
Black; however, GM Evgeny Tomashevsky makes an attempt to rehabilitate it.} Nc6
(11... f6 {was explored 20 years ago, in the pre-computer era so there is room
for improvement. It looks like Black doesn't equalise:} 12. Nf3 fxe5 13. Bc4 d3
$5 (13... Nc6 14. O-O e4 15. Bd5 $1 Nf6 16. Bxc6+ bxc6 17. Nxd4 O-O 18. Be3 $14
{1-0 Beliavsky,A-Spassky,B/Linares 1990/CBM 017/[Ftacnik] (52)}) (13... Nb6 14.
Bb3 Bg4 15. fxe5 Nc6 16. O-O O-O-O 17. Bg5 Bxf3 18. Qd2 Qxe5 19. Rxf3 $16 {
1/2-1/2 Ivanchuk,V-Dimitrov,V/Adelaide 1988/TD (35)}) 14. b4 (14. fxe5 Nxe5 15.
Nxe5 Qxe5+ 16. Kd2 Rf8 $1 17. Qe1 Nc6 18. Qxe5+ Nxe5 19. Re1 Rf2+ 20. Kc3 Rc2+
$1 21. Kb3 Re2 22. Rxe2 dxe2 23. Bxe2 Be6+ $36 {1/2-1/2 Arencibia,W-Shneider,A/
Cuba 1989/Inf 48/[Shneider,A; Gurevich,V] (29)}) (14. Kf2 $5) 14... e4 15. O-O
Nc6 (15... Nb6 16. Bxd3 $1 exf3 17. Re1 Be6 18. Bf5 Bxf5 19. Rxe7+ Kxe7 20. Bb2
$16) 16. Re1 Nf6 17. Bxd3 Bg4 $1 18. Bxe4 $1 (18. Bc4 $1 $16 {[%csl Re8]})
18... Nxe4 19. Qd5 Rd8 20. Qxe4 Bxf3 21. gxf3 Qxe4 22. fxe4 Nd4 23. Rf1 $14 {
1/2-1/2 Polgar,Z-Adorjan,A/Debrecen 1990/CBM 020/[Ftacnik] (23)}) 12. Nf3 O-O
13. b4 (13. Bc4 Nb6 14. Bb3 Bf5 15. O-O Rad8 16. Bd2 Nd5 17. Qe2 Qc5 18. Rac1
Qb6 19. Bxd5 Rxd5 20. b4 Rfd8 $11 {1-0 Conquest,S-Plachetka,J/Prague 1989/EXT
1997 (36)}) 13... a5 $5 $146 {[%mdl 8]} (13... a6 14. Bd3 f6 15. Qb3+ Kh8 16.
e6 Nb6 17. f5 Qd6 18. O-O Nd5 19. Qb2 $1 Nde7 20. Be4 g6 21. Bh6 Rg8 22. fxg6
hxg6 23. Qf2 $18 {1-0 Milov,V-Arbakov,V/Biel 1993/TD (33)}) 14. b5 Ncxe5 $5 {
[%mdl 512] The point! White doesn't get time to exploit his bishop pair,
kingside pawn advantage, weakness of Black's d4 pawn etc. Black sacs a piece
and starts an attack of the white king.} 15. fxe5 Nxe5 16. Kf2 d3 $5 17. h3 $2
(17. Bxd3 $1 {apparently puts Black's idea under doubt:} Rd8 (17... Bg4 18. Qe2
Bxf3 19. gxf3 Rfe8 20. Be3 Nxd3+ 21. Qxd3 Rad8 22. Qe4 Qf6 23. Qf4 $16) 18. Re1
(18. Nxe5 Qxe5 19. Bxh7+ Kxh7 20. Qxd8 Qf5+ {leads to a perpetual}) 18... Qc5+
19. Be3 Ng4+ 20. Kg3 Nxe3 21. Rxe3 $1 (21. Bxh7+ Kxh7 22. Qxd8 Be6 23. Qd3+
Nf5+ 24. Kh3 Kg8 25. Rxe6 fxe6 26. Re1 $14) 21... Qxe3 22. Bxh7+ Kxh7 23. Qxd8
$16 {Hm... try to find all this over the board!}) 17... Nxf3 18. gxf3 (18. Qxf3
$2 Qh4+ 19. Kg1 Qd4+) 18... Qh4+ 19. Kg2 Bf5 $44 {[%csl Gd3] The pawn White
didn't dare to capture has now become very strong.} 20. Ra2 (20. Bxd3 $2 Rad8
21. Bxf5 Rxd1 22. Rxd1 Qf6) (20. Bd2 $5 {was probably the best way to develop
pieces, e.g.} Rac8 21. Qe1 Qd4 22. Rc1 $13) 20... Rac8 21. Rf2 (21. Be3 $5)
21... Rfe8 22. Rh2 Qc4 23. Bd2 Qxb5 24. h4 h5 25. Kg1 {White has consolidated
his position but, of course, Black's strong d3-pawn gives him excellent
compensation. However, he doesn't play in the best way, and the game
eventually ends in a draw.} Rc6 (25... Qd5 $1 {[%csl Gd5]} 26. Qa4 (26. Rhg2
Qd4) 26... b6 27. Rhg2 f6 $36 {[%cal Ye8e6]}) 26. Rhg2 Rg6 {An unnecessary
exchange.} 27. Rxg6 fxg6 28. Bg5 Re6 29. Qd2 Kh7 30. Kg2 Qd5 31. Qa2 Qd7 32.
Kg3 b5 33. Bf4 Rc6 34. Qa1 Rc5 35. Qe1 Rc4 36. Qe5 b4 37. axb4 axb4 38. Rb2 Qa7
39. Qe3 Qa1 40. Rf2 b3 41. Be5 Qa5 42. Bxg7 $1 Kxg7 43. Qe7+ Kg8 44. Qe8+ Kg7
45. Qe7+ 1/2-1/2

[Event "Olympiad-42"]
[Site "Baku"]
[Date "2016.09.09"]
[Round "7.1"]
[White "Le, Quang Liem"]
[Black "Predojevic, Borki"]
[Result "1-0"]
[WhiteElo "2723"]
[BlackElo "2642"]
[Annotator "Krasenkow,M"]
[PlyCount "103"]
[EventDate "2016.09.02"]
[EventType "team-swiss"]
[EventRounds "11"]
[EventCountry "AZE"]
[SourceTitle "CBM 175"]
[Source "ChessBase"]
[SourceDate "2016.11.10"]
[SourceVersion "1"]
[SourceVersionDate "2016.11.10"]
[SourceQuality "1"]
[WhiteTeam "Vietnam"]
[BlackTeam "Bosnia&Herzegovina"]
[WhiteTeamCountry "VIE"]
[BlackTeamCountry "BIH"]

1. d4 e6 2. c4 Nf6 3. Nc3 Bb4 4. f3 c5 5. d5 O-O 6. e4 d6 {Since the famous
game Nakamura-Carlsen (Shamkir 2014) this setup is considered risky for Black.}
7. Bd2 Re8 (7... Nbd7 {was played by Carlsen - see CBM 160}) (7... Nh5 $5 {
may be the best try:} 8. g3 f5 9. exf5 exf5 10. Nh3 Nd7 11. Be2 {1/2 (13)
Sakaev,K (2570)-Ivanov,V (2460) St Petersburg 1995 EXT 1997 [Nikitin,A]} f4 $5
12. g4 Ne5) 8. Nge2 a6 9. a4 {The simplest continuation.} exd5 10. cxd5 {
It is now very difficult for Black to attack White's pawn centre while White
is finishing his development.} Nbd7 (10... Nh5 $5 {was possible even here:} 11.
g3 Nd7 $5 (11... f5 12. Bg2 fxe4 13. Nxe4 Nf6 14. Bxb4 cxb4 15. Qd2 Nxe4 16.
fxe4 a5 17. Nd4 Na6 18. O-O Nc5 19. Qf4 Nd3 20. Qd2 Nc5 21. Qf4 Nd3 22. Qd2 Nc5
{1/2 (22) Le,Q (2715)-Nakamura,H (2770) Dortmund 2011}) 12. Bg2 Ne5) 11. Ng3
Ne5 (11... c4 $6 12. Bxc4 Ne5 13. Qe2 Nxc4 (13... Bc5 $5) 14. Qxc4 Bc5 15. b4
b5 16. Qd3 Bxb4 17. axb5 Bc5 18. Be3 $16 {1-0 (40) Volkov,S (2609)-Hakki,I 
(2431) Dubai 2002}) (11... Rb8 12. Be2 Ne5 13. O-O c4 14. Kh1 (14. Be3 $5)
14... b5 15. axb5 axb5 16. Bg5 h6 17. Be3 Ned7 18. Nf5 Bc5 19. Nd4 Ne5 20. Qd2
Bd7 21. Rfe1 Qb6 22. Nc2 Bxe3 23. Nxe3 {1/2 (23) Spassky,B-Cherepkov,A
Leningrad 1957}) 12. Be2 c4 13. Be3 {[%mdl 32]} (13. O-O Nfd7 14. Kh1 Nc5 15.
Be3 Qa5 16. Qc2 Bd7 17. Bxc5 Qxc5 18. f4 Nd3 19. Bxd3 cxd3 20. Qxd3 Rac8 21.
Rac1 Qc4 22. Qf3 Qb3 $44 {1-0 (36) Bocharov,D (2595)-Eljanov,P (2724) Olginka
2011}) 13... Bd7 14. O-O Rc8 (14... h5 $5 15. Qd2 h4 16. Nh1 Qa5 17. Nf2 Bc5
18. Bg5 $36) 15. Kh1 Ba5 16. Bd4 h6 {Too passive but it is unclear what to do
anyway:} (16... Bb6 17. Qd2 $1 {[%cal Yd2e3]} (17. f4 Nd3 {like in
Bocharov-Eljanov})) 17. f4 Ng6 18. Qc2 Bb6 19. Bxb6 Qxb6 20. Nh5 Nxh5 (20...
Ng4 21. Bxg4 $5 Bxg4 22. Ng3) 21. Bxh5 Qd8 22. a5 Rc5 23. e5 $1 dxe5 24. Bxg6
fxg6 25. Qxg6 exf4 26. Rxf4 $14 {[%csl Gc3,Gd5,Rg8]} Rf8 (26... Rxa5 27. Raf1
$1) 27. Rxf8+ Qxf8 28. Qb6 Kh7 29. Kg1 (29. Qxb7 Rxa5 $1) 29... Qe7 30. Rf1
Qe3+ 31. Kh1 Bf5 32. h3 (32. Qxb7 Rxa5 33. Rg1 $5 $14) 32... Bd3 33. Rf7 Qe1+ (
33... Kg8 $142 $1 34. Rf3 (34. Qxb7 Qe1+ 35. Kh2 Qe5+ 36. g3 Rb5 $1 37. Nxb5
Qe2+ $11) 34... Qe1+ 35. Kh2 Qe5+ 36. g3 Rc7 37. Re3 $1 Qf5 38. Qe6+ $14 {_|_})
34. Kh2 Qe5+ 35. g3 Rc8 $2 {This just loses a pawn.} (35... Qd4 $142 36. h4 $1
(36. Qxb7 $2 Bg6) 36... Bg6 37. Rf8 Qd2+ 38. Kh3 Rc8 $8 39. Qf2 Qxf2 40. Rxf2
$16 {_|_}) 36. Qxb7 Rb8 (36... Re8 37. Qa7) 37. Rxg7+ Kh8 38. Re7 $1 Rxb7 39.
Rxe5 Kg7 (39... Rxb2+ 40. Kg1 Kg8 41. d6 $18) 40. Na4 Rb5 41. g4 Rxa5 42. Nc3
$18 Kf7 43. Kg3 Rc5 44. Kf4 Rc7 45. Re6 Rb7 46. Rxa6 Rxb2 47. Ke5 Rd2 48. Ra7+
Kg6 49. d6 Bf1 50. d7 Bg2 51. Ra6+ Kf7 52. Rd6 1-0